Çalışma hayatı istatistikleri [1993] (Record no. 9284)

MARC details
000 -BAŞLIK
Sabit Uzunlukta Kontrol Alanı 01045na a2200277 4500
001 - KONTROL NUMARASI
Denetim Alanı 15162
003 - KONTROL NUMARASI IDENTIFIER
Denetim Alanı MIRAKIL
005 - SON İŞLEM TARİHİ VE ZAMANI
Denetim Alanı 20181213155242.0
008 - SABİT-BOY VERİ ELEMANLARI - GENEL BİLGİLER
Sabit Uzunlukta Kontrol Alanı 160920b tu 000 0
035 ## - SİSTEM KONTROL NUMARASI
Sistem Kontrol Numarası 15162
040 ## - KATALOGLAMA KAYNAK
Orijinal Kataloglama Ajansı Milas
Kataloglama Dili tur
Metne Dönüştürmek Ajansı TR-AnCHP
082 ## - DEWEY ONLU SINIFLANDIRMA NUMARASI
Sınıflandırma Numarası 331.8021 1993
Ürün Numarası Ç73ç 1993
090 ## - SINIFLAMA NUMARASI
Sınıflama Numarası 331.8021 [1993] Ç73ç 1993
110 ## - ANA GİRİŞ - KURUMSAL ADI
Giriş Elemanı Olarak Kurumsal Ad Veya Yargı Alanı Adı Çalışma ve Sosyal Güvenlik Bakanlığı (ÇSGB)
245 ## - BAŞLIK TABLOSU
Başlık Çalışma hayatı istatistikleri [1993]
Sorumluluk Tablosu, Vb Çalışma ve Sosyal Güvenlik Bakanlığı
260 ## - YAYIN, DAĞITIM, VB
Yayın, Dağıtım, Vb Yeri Ankara
Yayıncı, Dağıtıcı, Vs Adı Çalışma ve Sosyal Güvenlik Bakanlığı
Yayın, Dağıtım, Vb Tarihi 1993
300 ## - FİZİKSEL TANIM
Kapsam 152 s.
Diğer Fiziksel Ayrıntıları tbl.
Boyutlar 22 sm.
490 ## - SERİSİ TABLOSU
Seri Beyanı Çalışma Genel Müdürlüğü
Hacim / Ardışık Tanımı 14
490 ## - SERİSİ TABLOSU
Seri Beyanı Çalışma ve Sosyal Güvenlik Bakanlığı
Hacim / Ardışık Tanımı 54
650 ## - KONU KATMA GİRİŞ - TOPİKAL DÖNEM
Topikal Süreli Veya Coğrafi Ad Giriş Elemanı Çalışma ekonomisi
Form Alt Bölümü İstatistikler
Kronolojik Alt Bölümü Süreli yayınlar
Coğrafi Alt Bölümü Türkiye
650 ## - KONU KATMA GİRİŞ - TOPİKAL DÖNEM
Topikal Süreli Veya Coğrafi Ad Giriş Elemanı Ücretler
Kronolojik Alt Bölümü İstatistikler
Coğrafi Alt Bölümü Türkiye
650 ## - KONU KATMA GİRİŞ - TOPİKAL DÖNEM
Topikal Süreli Veya Coğrafi Ad Giriş Elemanı Sendikalar
Kronolojik Alt Bölümü İstatistikler
Coğrafi Alt Bölümü Türkiye
650 ## - KONU KATMA GİRİŞ - TOPİKAL DÖNEM
Topikal Süreli Veya Coğrafi Ad Giriş Elemanı Sınai ilişkiler
Kronolojik Alt Bölümü İstatistikler
Coğrafi Alt Bölümü Türkiye
651 ## - KONU KATMA GİRİŞ - COĞRAFİ ADI
Coğrafi İsim Türkiye
Genel Alt Bölümü Ekonomik durum
Kronolojik Alt Bölümü İstatistikler
942 ## - EKLENDİ GİRİŞ ELEMANLARI (KOHA)
Sınıflandırma Veya Raf Düzeni Kaynak Dewey Decimal Classification
Koha Öğesi Türü Books
999 ## - SİSTEM KONTROL NUMARALARI (KOHA)
Koha Biblionumber 9284
Koha Biblioitemnumber 9284
Holdings
Kalıcı Konum Mevcut Konum Edinme Tarihi Edinim Kaynak Toplam Check-Out'Lar Tam Çağrı Numarası Barkod Tarih Son Görülme İtibaren Geçerli Fiyatlar Koha Öğesi Türü
CHP Kütüphanesi CHP Kütüphanesi 09/05/2016 Bağış   331.8021 [1993] Ç73ç 1993 003787 09/05/2016 09/05/2016 Books